Reklamní agentura a právní odpovědnost.

Pokus poskytnúť - na základe Obchodného zákonníka a zahraničných kontraktačných skúseností - návod na riešenie právnej zodpovednosti v reklamnej agentúre a to v rámci zmlúv. Rozbor zodpovednosti za neúspech reklamy, zodpovednosti za protiprávnu reklamu a zodpovednosti za "mimoprávnu sankciu".

Saved in:
Bibliographic Details
Main Author: Hajn, P.
Format: Book Chapter
Language:Czech
Subjects:
Tags: Add Tag
No Tags, Be the first to tag this record!

MARC

LEADER 00000naa a2200000 4500
001 r008776
005 20220831084058.8
041 0 |a cze 
044 |a [CS] 
245 1 0 |a Reklamní agentura a právní odpovědnost.  |c P. Hajn 
520 |a Pokus poskytnúť - na základe Obchodného zákonníka a zahraničných kontraktačných skúseností - návod na riešenie právnej zodpovednosti v reklamnej agentúre a to v rámci zmlúv. Rozbor zodpovednosti za neúspech reklamy, zodpovednosti za protiprávnu reklamu a zodpovednosti za "mimoprávnu sankciu". 
610 2 0 |a reklama 
610 2 0 |a zákonník obchodný 
610 2 0 |a zodpovednosť právna 
610 2 0 |a psychológia predaja 
610 2 0 |a zmluvy obchodné 
100 1 |a Hajn, P.